00546nam a22001577a 4500003000400000082001400004100001700018245014600035260003500181300000800216650001200224653000800236942001200244952011500256999001700371SGT a617bC23M aMODI, NARESH aCoparative study of Dissection of calot's triangle & gallbladder using monopolar hook versus harmonic scalpel in laparoscopic cholecystectomy aGURUGRAMbSGT UNIVERSITYc2023 a231 aSURGERY aM.S 2ddccTH 00102ddc4051718MEDICALaFMbFMcREFd2024-06-25l0o617 C23MpDT1735r2024-06-25 00:00:00w2024-06-25yTH c26518d26518